Fifa 21 Top 100 La Liga Players - Statistics

General Stats
  • This quiz has been taken 139 times
  • The average score is 55 of 100
Answer Stats
Rating Club Nation Player % Correct
93 FC Barcelona Argentina Lionel Messi
98%
91 Atletico Madrid Slovenia Jan Oblak
97%
89 Real Madrid France Karim Benzema
96%
90 FC Barcelona Germany Marc-Andre Ter Stegen
96%
89 Real Madrid Spain Sergio Ramos
96%
89 Real Madrid Belgium Thibaut Courtois
96%
87 Real Madrid Croatia Luka Modric
94%
88 Real Madrid Germany Toni Kroos
94%
89 Real Madrid Brazil Casemiro
93%
88 Real Madrid Belgium Eden Hazard
93%
87 Atletico Madrid Uruguay Luis Suarez
93%
80 Getafe CF Uruguay Damian Suarez
92%
87 FC Barcelona France Antoine Griezmann
90%
86 Real Madrid Spain Daniel Carvajal
90%
85 FC Barcelona Netherlands Frenkie De Jong
88%
86 FC Barcelona Spain Gerard Pique
88%
86 FC Barcelona Spain Jordi Alba
88%
80 Sevilla FC Netherlands Luuk De Jong
88%
86 Real Madrid France Raphael Varane
87%
85 Atletico Madrid Spain Koke
85%
87 FC Barcelona Spain Sergio Busquets
84%
85 FC Barcelona Bosnia-Herzegovina Miralem Pjanic
82%
83 FC Barcelona France Ousmane Dembele
79%
83 Real Madrid Uruguay Federico Valverde
78%
84 Atletico Madrid Uruguay Jose Maria Gimenez
78%
83 Real Madrid Norway Martin Odegaard
78%
83 FC Barcelona France Samuel Umtiti
78%
86 Real Sociedad Spain David Silva
76%
84 RC Celta Spain Iago Aspas
75%
83 Real Madrid Brazil Marcelo
75%
84 Real Sociedad Spain Mikel Oyarzabal
75%
85 FC Barcelona France Clement Lenglet
74%
84 Real Madrid Spain Isco
74%
84 Atletico Madrid Spain Saul Niguez
74%
85 Villarreal CF Spain Daniel Parejo
73%
83 Atletico Madrid England Kieran Trippier
71%
82 Atletico Madrid Belgium Yannick Carrasco
67%
82 Real Madrid Spain Marco Asensio
66%
83 Real Betis France Nabil Fekir
66%
83 Real Madrid France Ferland Mendy
65%
81 Atletico Madrid Portugal Joao Felix
62%
83 Villarreal CF Spain Gerard Moreno
61%
82 Sevilla FC Croatia Ivan Rakitic
58%
81 Atletico Madrid Montenegro Stefan Savic
58%
81 Athletic Bilbao Spain Inaki Williams
57%
80 Real Madrid Spain Nacho Fernandez
57%
84 Atletico Madrid Brazil Felipe
56%
83 FC Barcelona Brazil Philippe Coutinho
56%
80 Real Madrid Brazil Vinicius Junior
56%
83 FC Barcelona Spain Sergi Roberto
54%
82 Atletico Madrid Argentina Angel Correa
53%
83 Sevilla FC Brazil Diego Carlos
53%
82 Sevilla FC Argentina Lucas Ocampos
52%
82 Atletico Madrid Spain Marcos Llorente
52%
80 Real Madrid Spain Lucas Vazquez
51%
83 Athletic Bilbao Spain Iker Muniain
49%
84 Sevilla FC Spain Jesus Navas
49%
81 Atletico Madrid Brazil Renan Lodi
48%
80 Real Madrid Serbia Luka Jovic
47%
82 Sevilla FC Czech Republic Tomas Vaclik
46%
83 Sevilla FC Argentina Marcos Acuna
45%
81 Atletico Madrid France Thomas Lemar
45%
80 Valencia CF Uruguay Maxi Gomez
44%
82 FC Barcelona Brazil Norberto Neto
44%
81 Atletico Madrid Mexico Hector Herrera
43%
80 Athletic Bilbao Spain Unai Simon
42%
80 Atletico Madrid Spain Mario Hermoso
39%
82 Getafe CF Togo Dakonam Djene
38%
83 Sevilla FC Brazil Fernando
38%
81 Valencia CF Portugal Goncalo Guedes
37%
83 Valencia CF Spain Jose Gaya
37%
80 Valencia CF Denmark Daniel Wass
36%
82 Valencia CF Brazil Gabriel Paulista
35%
81 Valencia CF Netherlands Jasper Cillessen
33%
80 Real Sociedad Spain Mikel Merino
33%
82 Villarreal CF Argentina Geronimo Rulli
31%
82 Real Betis Spain Sergio Canales
31%
83 Levante UD Spain Aitor
30%
82 Villarreal CF Spain Raul Albiol
30%
80 Atletico Madrid Croatia Sime Vrsaljko
30%
83 Real Sociedad Spain Cristian Portu
29%
82 Villarreal CF Spain Sergio Asenjo
29%
83 Athletic Bilbao Spain Yuri Berchiche
28%
82 D. Alaves Spain Fernando Pacheco
27%
80 Villarreal CF France Francis Coquelin
26%
80 Athletic Bilbao Spain Raul Garcia
22%
81 Sevilla FC Spain Suso
21%
81 Villarreal CF Spain Paco Alcacer
20%
80 Real Sociedad Spain Alex Remiro
19%
80 Real Betis Spain Joaquin
19%
80 Real Betis Spain Marc Bartra
19%
82 Getafe CF Spain David Soria
16%
81 SD Eibar Serbia Marko Dmitrovic
15%
81 Athletic Bilbao Spain Ander Capa
13%
80 Levante UD Spain Jose Campana
13%
81 Getafe CF Spain Marc Cucurella
13%
80 Sevilla FC Spain Sergio Escudero
12%
80 Real Sociedad Spain Nacho Monreal
11%
81 Real Valladolid Spain Jordi Masip
10%
80 Villarreal CF Spain Ruben Pena
7%
No matching quizzes found
Score Distribution
Percent of People with Each Score
Percentile by Number Answered
Your Score History
You have not taken this quiz